000 01256nam a2200253Ia 4500
999 _c39698
_d39698
001 6301
003 GE_BSU
005 20191101124125.0
008 181216s2012||||ge |||||||||||||| ||geo||
020 _a9789941198588
040 _cGE_BSU
041 _ageo
080 _a27-31+27-312.55 უ-83
245 _aუფლის მოციქულები /
_cპროექტ. რედ.თამარ მამაცაშვილი; შემდგ. კახაბერ კენკიშვილი, სოფიო თავაძე.
264 _aთბილისი :
_bპალიტრა L,
_c2012.
300 _a143 გვ.;
_b20 სმ.
500 _aიბეჭდება სრ. საქ. კათოლიკოს-პატრიარქის ილია II-ის ლოცვა-კურთხევით.
653 _aქრისტეს მოსწავლეები
653 _aმართლმადიდებლობის ისტორია
653 _aრელიგია
700 _aთავაძე, სოფიო
_eშემდგენელი
_95013
700 _aმამაცაშვილი, თამარ
_eრედაქტორი
_92211
942 _cBK
_2udc